000 00750nam a2200229Ia 4500
003 GCL
008 140319s9999 xx 000 0 ara d
040 _aGCL /
_cGCL
082 0 4 _aط
_b813.0876
_bر ك
100 1 _aهالة حسين عمر
245 1 0 _aالكمبيوتر ظريف ومجنون /
_cهالة حسين عمر
700 1 _aخالد قبيعة
700 1 _aراتب احمد قبيعة
700 1 _aعبدالشافى سيد
260 _aبيروت :
_bدار الراتب الجامعية
300 _a79ص ؛
_c30سم
650 0 4 _aالاطفال
650 0 4 _aالحاسبات الالكترونية
650 0 4 _aالقصص العلمية
650 0 4 _aالرسومات بالكاريكاتير
942 _2ddc
_cBK
999 _c57649
_d57649